Love rules

Bibliographic Details
Main Author: North,Freya
Format: Book
Published: London : HarperCollins Publishers , 2005
Subjects:

MARC

LEADER 00000cam a2200000 7i4500
001 0000007950
005 20070907.0
008 070907
020 |a 0007213557 
090 0 0 |a NOR   |b ENG 
100 1 |a North,Freya 
245 1 0 |a Love rules   |c Freya North 
260 |a London :   |b HarperCollins Publishers ,   |c 2005 
650 0 |a English fiction 
999 |a 0000991903   |b Book   |c Adult Collection   |e Perbadanan Perpustakaan Awam Johor